| 000 | 00378nam a22001577a 4500 | ||
|---|---|---|---|
| 005 | 20180412100040.0 | ||
| 008 | 160621b xxu||||| |||| 00| 0 eng d | ||
| 041 | _aeng | ||
| 082 |
_b8711 _a339 |
||
| 100 |
_aSarkhel, Jaydeb _92383 |
||
| 245 | _aMacro-economic Theory | ||
| 260 |
_bBook syndicate private ltd. _c2007 |
||
| 300 | _a457 | ||
| 650 |
_aManagement _9241 |
||
| 942 | _cBK | ||
| 999 |
_c3370 _d3369 |
||